| 000 | 00816nam a2200229 i 4500 | ||
|---|---|---|---|
| 001 | 165632 | ||
| 003 | ES-MaACL | ||
| 005 | 20250707020433.0 | ||
| 008 | 050906q1860 fr a | |||||||| ||fre d | ||
| 040 |
_aCAM _bspa _cCAM |
||
| 100 | 1 |
_aSoulié, Frédéric, _d1800-1847 _eaut _9107564 |
|
| 245 | 1 | 0 |
_aMarguerite / _cpar Frédéric Soulié |
| 260 |
_a[S.l. : _bs.n., _cca. 1860] _e(Saint-Germain-en-Laye : _fImp. de Beau) |
||
| 300 |
_a52 páginas : _bilustraciones ; _c30 cm. |
||
| 594 | _aTit. y autor tomados de pag.1 | ||
| 596 | _aEl pie de imp. consta en colofón | ||
| 597 | _aTexto a dos col. | ||
| 599 | _aLa il. en pag.1 | ||
| 852 |
_aES-MaACL _cDEPO _eFalto de port. _hLegado Goyeneche _jR-1711(9) _xEnc. en un vol. facticio _xHolandesa |
||
| 942 |
_2udc _cMONANT _n0 |
||
| 999 |
_c165632 _d165632 |
||